| 000 | 00956nam a22001697a 4500 | ||
|---|---|---|---|
| 005 | 20260702134223.0 | ||
| 020 | _a9781783782307 | ||
| 082 | _a109BAG | ||
| 100 | _a Baggini, Julian | ||
| 245 |
_aHow the world thinks: _ba global history of philosophy |
||
| 260 |
_aLondon _bGranta Books _c2018 |
||
| 300 | _axxxiii, 398p. | ||
| 504 | _aIncludes bibliographical references and index | ||
| 520 | _aJulian Baggini sets out to expand our horizons in How the World Thinks, exploring the philosophies of Japan, India, China and the Muslim world, as well as the lesser-known oral traditions of Africa and Australia's first peoples. Interviewing thinkers from around the globe, Baggini asks questions such as: why is the West is more individualistic than the East? What makes secularism a less powerful force in the Islamic world than in Europe? And how has China resisted pressures for greater political freedom? | ||
| 650 | _aPhilosophy--History | ||
| 942 | _cBK | ||
| 999 |
_c11539 _d11539 |
||